| 000 | 00371 a2200109 4500 | ||
|---|---|---|---|
| 001 | ART_48292 | ||
| 005 | 20260410161757.0 | ||
| 008 | 260409a | ||
| 245 | 1 | 0 | _aImpuesto a las ganancias. Renta financiera. Bonos o títulos emitidos por debajo del valor nominal |
| 100 | 1 | _aVolman, Mario | |
| 773 | 0 |
_tDoctrina tributaria _g- N°467 (feb. 2019) _wREV4296 |
|
| 999 |
_c20210 _d20210 |
||